[Event "Montreal op"]
[Site "Montreal"]
[Date "2014.09.07"]
[Round "5"]
[White "Laptos, Krzysztof"]
[Black "Hirschberg, Valerian"]
[Result "0-1"]
[WhiteElo "2278"]
[BlackElo "2319"]
[PlyCount "100"]
[EventDate "2014.09.05"]
[EventType "swiss"]
[EventRounds "5"]
[EventCountry "CAN"]
[SourceTitle "EXT 2022"]
[Source "ChessBase"]
[SourceDate "2021.10.06"]
[SourceVersion "1"]
[SourceVersionDate "2021.10.06"]
[SourceQuality "1"]

1. d4 d5 2. Bg5 h6 3. Bh4 c5 4. dxc5 g5 5. Bg3 Bg7 6. c3 Na6 7. e4 dxe4 8. Qxd8+ Kxd8 9. Bxa6 bxa6 10. Na3 f5 11. 0-0-0+ Ke8 12. Bc7 Be6 13. Ba5 Rc8 14. b4 Bxc3 15. Ne2 Be5 16. Nd4 Kf7 17. Nxe6 Kxe6 18. Nc4 Bf4+ 19. Kc2 Nf6 20. f3 exf3 21. gxf3 Kf7 22. h3 h5 23. Rd4 Bb8 24. Re1 g4 25. hxg4 fxg4 26. fxg4 hxg4 27. Ne3 g3 28. Nf5 e6 29. Ne3 Rh2+ 30. Kb3 Rf2 31. Bd8 Nd5 32. Bg5 Rg8 33. Nxd5 Rxg5 34. Ne3 g2 35. Rd7+ Ke8 36. Rb7 g1Q 37. Rxg1 Rxg1 38. Rxb8+ Kd7 39. Rb7+ Kc8 40. Rxa7 Rg3 41. Rxa6 Rxe3+ 42. Kc4 Rf7 43. a3 Rff3 44. Ra8+ Kb7 45. Re8 Rxa3 46. Kb5 Rf7 47. Rxe6 Raf3 48. Rb6+ Kc7 49. Rc6+ Kb8 50. Rb6+ Rb7 0-1

[Event "Montreal op"]
[Site "Montreal"]
[Date "2014.09.05"]
[Round "1"]
[White "Laptos, Krzysztof"]
[Black "Jacquet, Stephane"]
[Result "1-0"]
[WhiteElo "2278"]
[BlackElo "2040"]
[PlyCount "75"]
[EventDate "2014.09.05"]
[EventType "swiss"]
[EventRounds "5"]
[EventCountry "CAN"]
[SourceTitle "EXT 2022"]
[Source "ChessBase"]
[SourceDate "2021.10.06"]
[SourceVersion "1"]
[SourceVersionDate "2021.10.06"]
[SourceQuality "1"]

1. e4 d6 2. d4 Nf6 3. Nc3 g6 4. g3 Bg7 5. Bg2 0-0 6. Nge2 Bg4 7. h3 Bxe2 8. Qxe2 Nc6 9. Be3 e5 10. d5 Nd4 11. Qd2 Re8 12. Nd1 c5 13. a4 a6 14. 0-0 b5 15. Bg5 Qd7 16. axb5 axb5 17. Rxa8 Rxa8 18. c3 Nb3 19. Qe3 Qa7 20. f4 Nh5 21. f5 f6 22. g4 fxg5 23. gxh5 c4 24. hxg6 hxg6 25. fxg6 g4 26. Qxa7 Rxa7 27. Ne3 Nd2 28. Rd1 Nf3+ 29. Bxf3 gxf3 30. Nf5 Bf8 31. Kf2 Ra2 32. Kxf3 Rxb2 33. Ra1 Rb3 34. Ra8 Rxc3+ 35. Kg4 Rc1 36. Kg5 Rg1+ 37. Kf6 c3 38. Nh6+ 1-0

[Event "Gatineau TORO"]
[Site "Gatineau"]
[Date "2013.06.08"]
[Round "3"]
[White "Hebert, Jean"]
[Black "Laptos, Krzysztof"]
[Result "1-0"]
[WhiteElo "2409"]
[BlackElo "2271"]
[PlyCount "115"]
[EventDate "2013.06.07"]
[EventType "swiss"]
[EventRounds "5"]
[EventCountry "CAN"]
[SourceTitle "EXT 2022"]
[Source "ChessBase"]
[SourceDate "2021.10.06"]
[SourceVersion "1"]
[SourceVersionDate "2021.10.06"]
[SourceQuality "1"]

1. Nf3 d5 2. c4 c6 3. b3 Nf6 4. g3 Bf5 5. Bg2 h6 6. 0-0 e6 7. Bb2 Nbd7 8. d3 Be7 9. Nc3 0-0 10. Qc2 Bh7 11. Rad1 dxc4 12. bxc4 Qa5 13. Rb1 Rfd8 14. Rfd1 Bc5 15. e4 e5 16. Na4 Bd6 17. Bc3 Qc7 18. Bh3 Rab8 19. c5 Bf8 20. Ba1 b5 21. cxb6 axb6 22. Nc3 Bc5 23. Na4 Bf8 24. Nb2 b5 25. a4 Qa7 26. Rdc1 Ba3 27. axb5 cxb5 28. Qc7 Qa8 29. Qc6 Qxc6 30. Rxc6 Nxe4 31. Bxd7 Rxd7 32. Nxe5 Re7 33. Nbc4 Ra7 34. Nxa3 Rxa3 35. Rbc1 Rxa1 36. Rxa1 Nf6 37. Rb6 Rd8 38. Rxb5 Bxd3 39. Rd1 Bxb5 40. Rxd8+ Be8 41. Ra8 g6 42. f4 Kg7 43. Ra7 h5 44. Kf2 Ng4+ 45. Nxg4 hxg4 46. Ke3 Bc6 47. Kd4 Bb5 48. Rb7 Bc6 49. Rb6 Bd7 50. Ke5 Bf5 51. Rf6 Bd3 52. f5 g5 53. Rd6 Be2 54. f6+ Kg6 55. Rd8 Bc4 56. Rg8+ Kh6 57. Rg7 Be6 58. Kd6 1-0

[Event "Mauricie op"]
[Site "Trois Rivieres "]
[Date "2013.03.17"]
[Round "4"]
[White "Laptos, Krzysztof"]
[Black "Sambuev, Bator"]
[Result "0-1"]
[WhiteElo "2238"]
[BlackElo "2579"]
[PlyCount "82"]
[EventDate "2013.03.15"]
[EventType "swiss"]
[EventRounds "5"]
[EventCountry "CAN"]
[SourceTitle "EXT 2014"]
[Source "ChessBase"]
[SourceDate "2013.11.20"]
[SourceVersion "1"]
[SourceVersionDate "2013.11.20"]
[SourceQuality "1"]

1. e4 Nf6 2. e5 Nd5 3. Nc3 Nxc3 4. bxc3 d5 5. f4 c5 6. Nf3 Nc6 7. Rb1 g6 8. Be2 Bg7 9. 0-0 0-0 10. d4 c4 11. Qe1 f6 12. Bd2 Rb8 13. Qh4 Bf5 14. Ne1 fxe5 15. fxe5 b5 16. Nf3 e6 17. Bg5 Qa5 18. Bd2 Qd8 19. Bg5 Qd7 20. Rbc1 b4 21. Bd2 bxc3 22. Bxc3 h6 23. Bd2 Qe7 24. Qg3 g5 25. c3 Rb2 26. Rcd1 Rxa2 27. Ra1 Rb2 28. Qe1 Rfb8 29. h4 g4 30. Nh2 h5 31. Bg5 Qe8 32. Bc1 Rb1 33. Rxb1 Rxb1 34. Qd2 Qd8 35. g3 Na5 36. Qa2 Nb3 37. Bg5 Qa5 38. Qxa5 Nxa5 39. Rxb1 Bxb1 40. Kf1 Nb3 41. Ke1 a5 0-1

[Event "Trois-Rivieres Mauricie op"]
[Site "Trois Rivieres"]
[Date "2011.03.19"]
[Round "2"]
[White "Robichaud, Louis"]
[Black "Laptos, Krzysztof"]
[Result "1-0"]
[WhiteElo "2069"]
[BlackElo "2267"]
[PlyCount "79"]
[EventDate "2011.03.18"]
[EventType "swiss"]
[EventRounds "5"]
[EventCountry "CAN"]
[SourceTitle "EXT 2022"]
[Source "ChessBase"]
[SourceDate "2021.10.06"]
[SourceVersion "1"]
[SourceVersionDate "2021.10.06"]
[SourceQuality "1"]

1. e4 d6 2. d4 Nf6 3. Nc3 c6 4. f4 Qa5 5. Bd2 Qb6 6. Nf3 Bg4 7. h3 Bxf3 8. Qxf3 Qxd4 9. Be3 Qb4 10. 0-0-0 e6 11. g4 h6 12. Bg2 Nbd7 13. Rhe1 Be7 14. h4 g5 15. Rd4 Qa5 16. Ra4 Qc7 17. hxg5 hxg5 18. e5 dxe5 19. fxg5 Nd5 20. Ne4 b5 21. Ra6 Qb7 22. Ra5 Qc7 23. Ra6 Nb8 24. Ra3 Bxa3 25. bxa3 Nd7 26. g6 fxg6 27. Bg5 Rf8 28. Qh3 N7f6 29. Qh6 0-0-0 30. Nxf6 Nxf6 31. Qh3 Qd6 32. Qb3 Rd7 33. a4 b4 34. Qc4 Nd5 35. Rd1 Rf2 36. Be4 Rb7 37. Kb2 Nb6 38. Qxc6+ Qxc6 39. Bxc6 Rc7 40. Rd8# 1-0

[Event "Mauricie op"]
[Site "Trois Rivieres"]
[Date "2009.03.21"]
[Round "3"]
[White "Laptos, Krzysztof"]
[Black "Abran, David"]
[Result "1-0"]
[WhiteElo "2181"]
[BlackElo "1737"]
[PlyCount "43"]
[EventDate "2009.03.20"]
[EventType "swiss"]
[EventRounds "5"]
[EventCountry "CAN"]
[SourceTitle "EXT 2011"]
[Source "ChessBase"]
[SourceDate "2010.11.26"]
[SourceVersion "1"]
[SourceVersionDate "2010.11.26"]
[SourceQuality "1"]

1. Nf3 d5 2. c4 e6 3. g3 Nf6 4. Bg2 Be7 5. 0-0 c6 6. Qc2 Nbd7 7. d4 0-0 8. Nbd2 Re8 9. e4 dxe4 10. Nxe4 Nxe4 11. Qxe4 c5 12. Rd1 cxd4 13. Nxd4 Nc5 14. Qc2 Qb6 15. Be3 Bd7 16. a3 a5 17. Nf5 Bc6 18. Nxe7+ Rxe7 19. b4 axb4 20. axb4 Rxa1 21. Rxa1 Qxb4 22. Bxc6 1-0

[Event "Mauricie op"]
[Site "Trois Rivieres"]
[Date "2009.03.20"]
[Round "1"]
[White "Laptos, Krzysztof"]
[Black "Masse, Hugues"]
[Result "0-1"]
[WhiteElo "2181"]
[BlackElo "2311"]
[PlyCount "96"]
[EventDate "2009.03.20"]
[EventType "swiss"]
[EventRounds "5"]
[EventCountry "CAN"]
[SourceTitle "EXT 2011"]
[Source "ChessBase"]
[SourceDate "2010.11.26"]
[SourceVersion "1"]
[SourceVersionDate "2010.11.26"]
[SourceQuality "1"]

1. d4 Nf6 2. Bg5 Ne4 3. Bf4 c5 4. d5 Qb6 5. Bc1 e6 6. f3 Nf6 7. e4 exd5 8. e5 Qe6 9. Qe2 Ng8 10. Nc3 Nc6 11. Nb5 Kd8 12. f4 a6 13. Nc3 Nd4 14. Qf2 Ne7 15. Be3 Nef5 16. 0-0-0 Nxe3 17. Qxe3 Nf5 18. Qf3 d4 19. Nd5 Nh4 20. Qb3 b5 21. c4 Bb7 22. g3 Ng6 23. Bh3 Qc6 24. Bg2 bxc4 25. Qxc4 Ne7 26. Ne3 Qb6 27. Bxb7 Qxb7 28. Nh3 Rb8 29. b3 h6 30. Ng4 Qf3 31. Ngf2 a5 32. Rd3 Qd5 33. Qa4 Nc6 34. Qc4 Qxc4+ 35. bxc4 Rb4 36. Ne4 Rxc4+ 37. Kd2 Nb4 38. Ra3 Rc2+ 39. Kd1 Rb2 40. Kc1 Rc2+ 41. Kd1 Rb2 42. Kc1 Re2 43. Nd2 Nc6 44. Nc4 Kc7 45. Kd1 d3 46. Nd2 c4 47. Ra4 c3 48. Nb3 Rb2 0-1

[Event "Montreal Elo"]
[Site "Montreal"]
[Date "2005.09.25"]
[Round "9"]
[White "Laptos, Krzysztof"]
[Black "Chabot, Roland"]
[Result "1/2-1/2"]
[WhiteElo "2279"]
[BlackElo "2284"]
[PlyCount "110"]
[EventDate "2005.09.16"]
[EventType "tourn"]
[EventRounds "9"]
[EventCountry "CAN"]
[EventCategory "1"]
[SourceTitle "EXT 2007"]
[Source "ChessBase"]
[SourceDate "2006.11.23"]
[SourceVersion "1"]
[SourceVersionDate "2006.11.23"]
[SourceQuality "1"]

1. d4 f5 2. g3 Nf6 3. Bg2 g6 4. c3 Bg7 5. Nd2 d5 6. Ngf3 Nc6 7. Qb3 e6 8. Nf1 a5 9. Bf4 a4 10. Qc2 Ne4 11. h4 h6 12. g4 0-0 13. gxf5 exf5 14. Ne3 Be6 15. Nd2 Nxd2 16. Qxd2 g5 17. hxg5 hxg5 18. Be5 f4 19. Bxg7 Kxg7 20. Qd3 Rh8 21. Rxh8 Qxh8 22. Nxd5 Qd8 23. Qe4 Bxd5 24. Qxd5 Qxd5 25. Bxd5 Ne7 26. Be4 a3 27. b4 c6 28. Kd2 Nd5 29. Rh1 Nf6 30. Bf3 Kf7 31. e4 g4 32. e5 gxf3 33. exf6 Re8 34. Re1 Rh8 35. Kd3 Kxf6 36. c4 Rh2 37. Rf1 Kf5 38. c5 Rg2 39. Kc4 Rh2 40. d5 cxd5+ 41. Kxd5 Rh8 42. Kd6 Ke4 43. b5 Kd3 44. Re1 Rh2 45. Kc7 Rxf2 46. Kxb7 Rc2 47. c6 f2 48. Rh1 Ke2 49. c7 f1Q 50. Rxf1 Kxf1 51. c8Q Rxc8 52. Kxc8 f3 53. b6 f2 54. b7 Kg2 55. b8Q f1Q 1/2-1/2

[Event "Montreal Elo"]
[Site "Montreal"]
[Date "2005.09.24"]
[Round "8"]
[White "Khassanov, Marat"]
[Black "Laptos, Krzysztof"]
[Result "1-0"]
[WhiteElo "2339"]
[BlackElo "2279"]
[PlyCount "71"]
[EventDate "2005.09.16"]
[EventType "tourn"]
[EventRounds "9"]
[EventCountry "CAN"]
[EventCategory "1"]
[SourceTitle "EXT 2007"]
[Source "ChessBase"]
[SourceDate "2006.11.23"]
[SourceVersion "1"]
[SourceVersionDate "2006.11.23"]
[SourceQuality "1"]

1. Nf3 d5 2. c4 c6 3. b3 Nf6 4. Bb2 Bg4 5. Ne5 Bf5 6. e3 e6 7. Be2 Nbd7 8. f4 Nxe5 9. Bxe5 Bd6 10. Bb2 Qb6 11. Bd4 Bc5 12. Bxc5 Qxc5 13. d4 Qe7 14. Nc3 0-0 15. 0-0 Rfd8 16. c5 b6 17. b4 a5 18. a3 bxc5 19. bxc5 Rdb8 20. Bd3 Bxd3 21. Qxd3 Rb3 22. Nxd5 Qb7 23. Nxf6+ gxf6 24. Qe2 Rb2 25. Qg4+ Kh8 26. Qh4 Rg8 27. Qxf6+ Rg7 28. Kh1 Qb3 29. Rg1 Qxe3 30. d5 e5 31. Rab1 Qb3 32. Rxb2 Qxb2 33. dxc6 h5 34. c7 Qb7 35. Qh6+ Kg8 36. Qb6 1-0

[Event "Montreal Elo"]
[Site "Montreal"]
[Date "2005.09.19"]
[Round "4"]
[White "Laptos, Krzysztof"]
[Black "Barbeau, Sylvain"]
[Result "1/2-1/2"]
[WhiteElo "2279"]
[BlackElo "2435"]
[PlyCount "76"]
[EventDate "2005.09.16"]
[EventType "tourn"]
[EventRounds "9"]
[EventCountry "CAN"]
[EventCategory "1"]
[SourceTitle "EXT 2007"]
[Source "ChessBase"]
[SourceDate "2006.11.23"]
[SourceVersion "1"]
[SourceVersionDate "2006.11.23"]
[SourceQuality "1"]

1. e4 e5 2. Bc4 Nf6 3. d3 Nc6 4. Nf3 h6 5. 0-0 d6 6. c3 g6 7. Qe2 Bg7 8. Nbd2 Nh5 9. Nb3 Qf6 10. d4 Bg4 11. Bb5 Bxf3 12. Qxf3 Qxf3 13. gxf3 Ke7 14. Be3 Nd8 15. d5 f5 16. Bd3 Rf8 17. c4 b6 18. Nc1 a5 19. Ne2 Nb7 20. exf5 gxf5 21. Ng3 Nxg3 22. fxg3 h5 23. Bc2 Rf7 24. Rae1 Rh8 25. b3 Bh6 26. f4 e4 27. Kf2 Bg7 28. h3 Bf6 29. Rg1 Nc5 30. Ke2 Rg7 31. Rg2 Rhg8 32. Reg1 Bc3 33. Bf2 Kf7 34. Bb1 Rg6 35. Rc1 Bb2 36. Rcg1 Bc3 37. Rc1 Bb2 38. Rcg1 Bc3 1/2-1/2

[Event "Montreal Elo"]
[Site "Montreal"]
[Date "2005.09.16"]
[Round "1"]
[White "Lawson, Eric"]
[Black "Laptos, Krzysztof"]
[Result "1/2-1/2"]
[WhiteElo "2387"]
[BlackElo "2279"]
[PlyCount "79"]
[EventDate "2005.09.16"]
[EventType "tourn"]
[EventRounds "9"]
[EventCountry "CAN"]
[EventCategory "1"]
[SourceTitle "EXT 2007"]
[Source "ChessBase"]
[SourceDate "2006.11.23"]
[SourceVersion "1"]
[SourceVersionDate "2006.11.23"]
[SourceQuality "1"]

1. e4 e6 2. d4 d5 3. Nd2 dxe4 4. Nxe4 Bd7 5. Nf3 Bc6 6. Bd3 Nd7 7. 0-0 Ngf6 8. Ned2 Be7 9. b3 0-0 10. Bb2 a5 11. c4 a4 12. Qc2 h6 13. Rfe1 Bb4 14. Bc3 axb3 15. axb3 Bxc3 16. Qxc3 Rxa1 17. Rxa1 Qb8 18. Ne5 Nxe5 19. dxe5 Nd7 20. Bc2 Rd8 21. Nf1 b5 22. Ng3 Qb7 23. Qd3 g6 24. Qe3 Qb6 25. Qxh6 Nxe5 26. Qg5 Qd4 27. Rd1 Qxd1+ 28. Bxd1 Rxd1+ 29. Nf1 bxc4 30. Qxe5 c3 31. Qxc3 Bb5 32. h4 Rxf1+ 33. Kh2 c6 34. Qf6 Rd1 35. g4 Rd5 36. Qb2 Rd3 37. Qf6 Rd5 38. Qf3 Rd3 39. Qf4 Rd5 40. Qf3 1/2-1/2

[Event "Quebec-ch sf"]
[Site "Montreal"]
[Date "2004.06.20"]
[Round "5"]
[White "Laptos, Krzysztof"]
[Black "Ramaswamy, Kishor"]
[Result "1-0"]
[WhiteElo "2276"]
[BlackElo "2121"]
[PlyCount "69"]
[EventDate "2004.06.??"]
[EventType "swiss"]
[EventRounds "5"]
[EventCountry "CAN"]
[SourceTitle "EXT 2006"]
[Source "ChessBase"]
[SourceDate "2005.11.24"]
[SourceVersion "1"]
[SourceVersionDate "2005.11.24"]
[SourceQuality "1"]

1. d4 d5 2. c4 e6 3. Nc3 Nf6 4. Bg5 Nbd7 5. cxd5 exd5 6. e3 c6 7. Bd3 Be7 8. Qc2 Nh5 9. Bxe7 Qxe7 10. Nge2 g6 11. g4 Ng7 12. Nf4 Nb6 13. h3 f5 14. 0-0-0 Rf8 15. Rdg1 Bd7 16. Kb1 Qd6 17. g5 Ne6 18. Nce2 0-0-0 19. h4 Kb8 20. h5 Nxf4 21. Nxf4 Nc8 22. hxg6 hxg6 23. Rh6 Ne7 24. Rgh1 Be8 25. Be2 Bf7 26. Nd3 Rc8 27. f4 b6 28. Rf1 Be8 29. Ne5 Rc7 30. Qa4 Rg8 31. Rh7 Bd7 32. Rf7 b5 33. Qa5 Rcc8 34. Qa3 b4 35. Nxd7+ 1-0

[Event "Quebec-ch qual 2"]
[Site "Montreal"]
[Date "2004.??.??"]
[Round "4"]
[White "Rousseau, Daniel"]
[Black "Laptos, Krzysztof"]
[Result "0-1"]
[WhiteElo "2198"]
[BlackElo "2234"]
[PlyCount "104"]
[EventDate "2004.06.??"]
[EventType "swiss"]
[EventRounds "5"]
[EventCountry "CAN"]
[SourceTitle "EXT 2006"]
[Source "ChessBase"]
[SourceDate "2005.11.24"]
[SourceVersion "1"]
[SourceVersionDate "2005.11.24"]
[SourceQuality "1"]

1. e4 e6 2. d4 c5 3. Nf3 cxd4 4. Nxd4 a6 5. Bd3 Qc7 6. 0-0 Nf6 7. Nc3 Nc6 8. Nxc6 dxc6 9. Qe2 e5 10. a4 Bg4 11. f3 Be6 12. Be3 Bb4 13. Nb1 0-0 14. Qf2 b5 15. Rc1 Qb7 16. Qg3 Bd6 17. Nc3 Nh5 18. Qh4 g6 19. Rd1 Nf4 20. Bf1 Rad8 21. h3 Be7 22. Qh6 Nh5 23. g4 Ng7 24. Bd3 f6 25. Qh4 h5 26. Qg3 hxg4 27. fxg4 Qb8 28. Rf1 b4 29. Nd1 c5 30. b3 Bxb3 31. Nb2 Bf7 32. Bxa6 Ne6 33. g5 fxg5 34. Rxf7 Rxf7 35. Bc4 Nf4 36. a5 Kg7 37. a6 Bf6 38. Ra5 Rc7 39. Qf3 Qb6 40. Ra1 Be7 41. Bb3 Rf8 42. Qg4 Ra7 43. Bc4 Qf6 44. Rd1 Rxa6 45. Rd7 Rd6 46. Bxc5 Rxd7 47. Qxd7 Nxh3+ 48. Qxh3 Bxc5+ 49. Kh1 Qf3+ 50. Qxf3 Rxf3 51. Nd3 Bd6 52. Ne1 Re3 0-1

[Event "Quebec op"]
[Site "Montreal"]
[Date "2003.07.22"]
[Round "7"]
[White "Laptos, Krzysztof"]
[Black "Laframboise, Marc Andre"]
[Result "1-0"]
[WhiteElo "2231"]
[BlackElo "2069"]
[PlyCount "57"]
[EventDate "2003.07.19"]
[EventType "swiss"]
[EventRounds "9"]
[EventCountry "CAN"]
[SourceTitle "CBM 095 Extra"]
[Source "ChessBase"]
[SourceDate "2003.09.04"]
[SourceVersion "1"]
[SourceVersionDate "2003.09.04"]
[SourceQuality "1"]

1. d4 d5 2. c4 c6 3. Nf3 Nf6 4. Nbd2 Bf5 5. e3 e6 6. Be2 Nbd7 7. Nh4 Bg6 8. Nxg6 hxg6 9. a3 Bd6 10. b4 Qc7 11. f4 dxc4 12. Nxc4 Ne4 13. 0-0 Nc3 14. Qc2 Nxe2+ 15. Qxe2 Nb6 16. e4 Nxc4 17. Qxc4 0-0-0 18. Be3 Rh5 19. Rac1 g5 20. e5 Be7 21. b5 Kd7 22. fxg5 Rf8 23. Qe2 Bxg5 24. Rc5 Bxe3+ 25. Qxe3 f6 26. h3 Qb6 27. exf6 Rxc5 28. dxc5 Qxb5 29. Rd1+ 1-0

[Event "Canadian op"]
[Site "Montreal"]
[Date "2002.07.19"]
[Round "8"]
[White "Hebert, Jean"]
[Black "Laptos, Krzysztof"]
[Result "1-0"]
[WhiteElo "2416"]
[BlackElo "2220"]
[PlyCount "87"]
[EventDate "2002.07.13"]
[EventType "swiss"]
[EventRounds "10"]
[EventCountry "CAN"]
[SourceTitle "CBM 089 Extra"]
[Source "ChessBase"]
[SourceDate "2002.09.10"]
[SourceVersion "2"]
[SourceVersionDate "2002.09.10"]
[SourceQuality "1"]

1. c4 d6 2. d4 Nf6 3. Nc3 Bf5 4. Nf3 c6 5. Nh4 Bd7 6. e4 e5 7. Nf3 Qe7 8. Be2 g6 9. 0-0 Bg7 10. d5 0-0 11. Ne1 cxd5 12. cxd5 Na6 13. Be3 Rfc8 14. f3 Nh5 15. Nd3 b5 16. a3 Qe8 17. Qd2 Nc5 18. Nxc5 dxc5 19. a4 bxa4 20. Ba6 Rc7 21. d6 Rc6 22. Bb7 Rd8 23. Bxc6 Bxc6 24. g3 Bf8 25. Bxc5 Qe6 26. Rad1 Qc4 27. Ba3 Ng7 28. Qd3 Qb3 29. Qa6 Bd7 30. Qa5 Rc8 31. Qxe5 Ne6 32. Qa5 Bg7 33. Nd5 Rc2 34. Qb4 Qxb4 35. Nxb4 Re2 36. Rf2 Bd4 37. Rxd4 Nxd4 38. Rxe2 Nxe2+ 39. Kf2 Nd4 40. Nd5 Kg7 41. Bb4 Nb5 42. e5 Nd4 43. Bc3 Ne6 44. Nf6 1-0

[Event "Canadian op"]
[Site "Montreal"]
[Date "2002.07.17"]
[Round "6"]
[White "Barsov, Alexei"]
[Black "Laptos, Krzysztof"]
[Result "1/2-1/2"]
[WhiteElo "2550"]
[BlackElo "2220"]
[PlyCount "63"]
[EventDate "2002.07.13"]
[EventType "swiss"]
[EventRounds "10"]
[EventCountry "CAN"]
[SourceTitle "CBM 089 Extra"]
[Source "ChessBase"]
[SourceDate "2002.09.10"]
[SourceVersion "2"]
[SourceVersionDate "2002.09.10"]
[SourceQuality "1"]

1. d4 d6 2. Nf3 Bg4 3. e4 Nf6 4. Nc3 e6 5. Be2 c6 6. d5 e5 7. 0-0 Be7 8. a4 Bxf3 9. Bxf3 a5 10. g3 0-0 11. Bg2 Na6 12. f4 Qb6+ 13. Kh1 cxd5 14. exd5 exf4 15. Bxf4 Nc5 16. Qe2 Rfe8 17. Qb5 Qd8 18. Rae1 Bf8 19. Bg5 Rxe1 20. Rxe1 h6 21. Be3 b6 22. Bd4 Ng4 23. Ne4 f5 24. Nd2 Qg5 25. Nf3 Qh5 26. Kg1 Ne4 27. Qc6 Re8 28. h3 Ngf6 29. g4 fxg4 30. hxg4 Qxg4 31. Nh2 Qg6 32. Bxb6 1/2-1/2